Cioccolato o vaniglia /

Na minha lista:
Detalhes bibliográficos
Autor principal: Stringer, Lee (Author)
Outros Autores: Vezzoli, Delfina (Translator)
Formato: Livro
Idioma:Língua italiana
Publicado em: Roma : Nottetempo, 2007
Colecção:Nottetempo. Narrativa
Tags: Adicionar Tag
Sem tags, seja o primeiro a adicionar uma tag!

MARC

LEADER 00000nam a22000007i 4500
001 IT\ICCU\RAV\1589654
003 ItRI
005 20250720092722.0
008 070917s2007 it |||||| ||||| |||||c
020 |a 9788874520930 
040 |b ita  |c ct 
041 7 |a ita  |2 ISO-639-2 
082 |a 813  |2 22 
100 1 |a Stringer, Lee  |0 IT\ICCU\RAVV\526874  |4 aut 
240 1 0 |a Sleepaway school  |9 Stringer, Lee 
245 1 0 |a Cioccolato o vaniglia /  |c Lee Stringer ; introduzione di Kurt Vonnegut ; traduzione di Delfina Vezzoli. 
260 |a Roma :  |b Nottetempo,  |c 2007 
300 |a 330 p. ;  |c 20 cm 
700 1 |a Vezzoli, Delfina  |0 IT\ICCU\CFIV\008093  |4 trl 
830 0 |a Nottetempo. Narrativa  |0 IT\ICCU\TO0\1560025 
942 |2 ddc  |c BK 
952 |0 0  |1 0  |2 ddc  |4 0  |7 0  |9 7698  |a MI  |b MI  |d 2012-04-13  |i 6421  |l 0  |p CDOM6421  |r 2025-07-13 16:28:45  |w 2025-07-13  |x DONAZIONE  |y BK 
981 1 |6 z01  |a i   |b xxxe  
982 1 |6 z01  |a n 
999 |c 6373  |d 6373